000 00337nam a2200145Ia 4500
008 230524s9999 xx 000 0 und d
082 _a5.13
_bALL
100 _aJames Allen
_944697
245 0 _aNatural Language Understanding
250 _a2
260 _bPearson
500 _aQuantity Number: 1
650 _aComp.Sc
942 _cBK
999 _c60165
_d60165